000 03103nam0a2200373 4500
001 RU\NLR\BIBL_A\012680357
005 20231121174529.0
010 _a978-5-6046510-7-0
_9500
021 _aRU
_bКН-П-21-062445
_9КН-П-21-4893
035 _a(NLR Aleph) 012680357
035 _a(RuMoRGB)010799382
090 _a12812834
_c12812834
100 _a20220110d2021 u y0rusy50 ca
101 0 _arus
102 _aRU
105 _aac||z|||000zb
181 0 _ai
_baxxe
182 0 _an
200 1 _aМаркиз де Сад
_eвеликий распутник, скандальный романист или мечтатель-вольнодумец?
_fСергей Нечаев
203 _aТекст
_bвизуальный
_cнепосредственный
210 _aМосква
_cАргументы недели
_d2021
215 _a236, [4] с.
_cил., портр.
_d21
320 _aБиблиогр. : с. 226-236
330 _aБезнравственна ли проповедь полной свободы-без <тормозов> религиозных и этических правил, выработанных тысячелетиями? Сейчас кому-то покажется, что такие ограничения нарушают <права человека>. Но именно к этому призывал своей жизнью и книгами Донасьен де Сад два века назад-к тому, что сегодня, увы, превратилось в стереотипы массовой культуры, которых мы уже и не замечаем, хотя имя этого человека породило термин <садизм>, обозначающий недопустимую немотивированную жестокость. Так чему, собственно, посвятил свою жизнь пресловутый маркиз, заплатив за свои пристрастия феерической чередой арестов и перемещений из одной тюрьмы в другую? Может быть, он всего лишь абсолютизировал некоторые заурядные моменты любовных игр (почитайте <Камасутру>)? Или мы еще не знаем каких-то тайн этого человека?
333 _a16+
600 1 _aСад
_bД.А.Ф. де
_f1740 - 1814
_gДонасьен Альфонс Франсуа де
_xБиография
_92112413
_3RU\NLR\AUTH\661276526
686 1 _aШ5(4Фр)45-4Сад2
700 1 _7ca
_8rus
_aНечаев
_bС. Ю.
_cписатель, канд. экон. наук
_f1957-
_gСергей Юрьевич
_915966
_3RU\NLR\AUTH\7732958
702 1 _4280
_7ca
_8rus
_aСад
_bД. А. Ф. де
_f1740-1814
_gДонасьен Альфонс Франсуа де
_9112717
_3RU\NLR\AUTH\772709
942 _cBOOK
980 _aNB